| 000 | 00490nam a2200205Ia 4500 | ||
|---|---|---|---|
| 003 | OSt | ||
| 005 | 20140312150347.0 | ||
| 008 | 140130s9999 xx 000 0 und d | ||
| 020 | _a0439788471 | ||
| 050 |
_aPZ 7 _b.C59114Gr 1997 |
||
| 100 | _aClement, Rod | ||
| 245 |
_aGrandpa's teeth / _cRod Clement. |
||
| 260 |
_bScholastic, _c1997. _aNew York : |
||
| 300 |
_a30 p. : _bcol. ill. ; _c26 cm. |
||
| 440 | _v1 | ||
| 521 | _aG3 | ||
| 526 | _c530 | ||
| 942 |
_cBK _2lcc |
||
| 999 |
_c40603 _d40603 |
||